000 00495nam a2200193Ia 4500
001 65694
008 130101n ii |||gr||||Z||||||asm
020 _a8176652865
082 _a891.41
100 _aBorgohain, Homen.
245 0 _aChinta-Taranga
_cBy Homen Borgohain
_hTextual Documents
250 _a4th edn.
260 _aGuwahati
_bStudents Stores
_c2019.
300 _a150pg:
_c23cm.
653 _aAssamese
653 _aChinta-Taranga
653 _aG-H B Collection
942 _2ddc
_cBK
999 _c66787
_d66787